Evolución de la inseguridad alimentaria en los hogares mexicanos: 2012-2016/
El objetivo de este artículo es describir tres aspectos importantes de la inseguridad alimentaria (IA) en México: la magnitud y distribución de acuerdo con características de vulnerabilidad social, su evolución entre 2012 y 2016 y el efecto de los programas sociales de ayuda alimentaria en la IA de...
Guardat en:
| Autor principal: | |
|---|---|
| Altres autors: | , , , , |
| Format: | Llibre |
| Idioma: | Spanish |
| Matèries: | |
| Etiquetes: |
Afegir etiqueta
Sense etiquetes, Sigues el primer a etiquetar aquest registre!
|
MARC
| LEADER | 00000nam a22000007a 4500 | ||
|---|---|---|---|
| 003 | cru CIDCACS/IIS | ||
| 005 | 20230804062552.0 | ||
| 007 | ta | ||
| 008 | 180905s2018 mx |||p|r||||||0| ||spa|d | ||
| 999 | |c 41632 |d 41632 | ||
| 040 | |c cru CIDCACS/IIS | ||
| 100 | 1 | |9 7621 |a Mundo-Rosas, Verónica | |
| 245 | 1 | |a Evolución de la inseguridad alimentaria en los hogares mexicanos: |b 2012-2016/ |c Verónica Mundo-Rosas, Norma Isela Vizuet-Vega, Jesús Martínez-Domínguez, M del Carmen Morales-Ruán, Rafael Pérez-Escamilla, Teresa Shamah-Levy | |
| 300 | |a páginas 309-318: |b tablas, gráficos | ||
| 520 | |a El objetivo de este artículo es describir tres aspectos importantes de la inseguridad alimentaria (IA) en México: la magnitud y distribución de acuerdo con características de vulnerabilidad social, su evolución entre 2012 y 2016 y el efecto de los programas sociales de ayuda alimentaria en la IA de los hogares mexicanos. Para esto se incluyó información de 40809 y 9019 hogares provenientes de la Ensanut 2012 y 2016, respectivamente. Se realizó un análisis de diferencias en diferencias para medir el efecto de los programas de ayuda alimentaria en la evolución de la IA. Entre los resultados está que el 69,5% de los hogares se clasificó en IA. Los más afectados por la IA fueron hogares pobres (85,8%) y de áreas rurales (78.0%). En el período 2012-2016, la prevalencia de IA moderada y severa disminuyó en hogares con apoyo de programas de ayuda alimentaria. Los resultados presentados son una herramienta para mejorar el diseño y focalización de políticas públicas y fortalecerla gobernanza de la seguridad alimentaria en México. | ||
| 650 | 0 | |9 284 |a POBREZA | |
| 650 | 0 | |9 630 |a SEGURIDAD ALIMENTARIA | |
| 650 | 0 | |9 7944 |a ASISTENCIA HUMANITARIA | |
| 650 | 0 | |9 3691 |a POLITICA | |
| 650 | 0 | |9 4908 |a GOBERNABILIDAD | |
| 650 | 0 | |9 6354 |a ENCUESTAS | |
| 650 | 4 | |9 4375 |a ENCUESTAS DE HOGARES | |
| 650 | 0 | |9 3326 |a PROGRAMAS DE AYUDA | |
| 650 | 0 | |a POLITICA ALIMENTARIA |9 1028 | |
| 650 | 0 | |9 2109 |a ENCUESTAS SOCIALES | |
| 650 | 0 | |9 7945 |a PROGRAMA MUNDIAL DE ALIMENTOS | |
| 650 | 0 | |9 7946 |a GOBERNANCIA | |
| 651 | 0 | |9 3410 |a MEXICO | |
| 700 | 1 | |9 7622 |a Vizuet-Vega, Norma Isela | |
| 700 | 1 | |9 7623 |a Martínez-Domínguez, Jesús | |
| 700 | 1 | |9 7624 |a Morales-Ruán, María del Carmen | |
| 700 | 1 | |a Pérez-Escamilla, Rafael |9 7625 | |
| 700 | 1 | |9 7626 |a Shamah-Levy, Teresa | |
| 773 | 0 | |0 19284 |9 2220 |a Instituto Nacional de Salud Pública (México) |d México: Instituto Nacional de Salud Pública |o 18956 |t Salud Pública de México / |x 00363634 | |
| 942 | |2 ddc |c PP | ||
